Statistics for The Simpsons

Click here to take the quiz!

General Stats

  • This quiz has been taken 33 times
  • The average score is 14 of 15

Answer Stats

QuestionAnswer% Correct
How many children does he have?3
100%
What is his son called?Bart
100%
Who is the main man?Homer
100%
His eldest daughter?Lisa
100%
His youngest daughter?Maggie
100%
His wife?Marge
100%
His son's dog?Santa's Little Helper
100%
His bartender?Moe
97%
His boss?Mr Burns
97%
His boss's assistant?Mr Smithers
97%
The shop keeper?Apu
87%
His other best friend?Carl
87%
His best friend?Lenny
87%
His doctor?Doctor Hibbert
83%
His daughter's cat?Snowball
83%

Score Distribution

Percentile by Number Answered

Percent of People with Each Score

Your Score History

You have not taken this quiz